Tião vermelhão (Record no. 184441)

MARC details
000 -LÍDER
campo de controle de tamanho fixo 00334 a2200157 4500
001 - NÚMERO DE CONTROLE
campo de controle 184441
020 ## - ISBN - INTERNATIONAL STANDARD BOOK NUMBER
ISBN - International Standard Book Number 85-88017-06-7
040 ## - FONTE DA CATALOGAÇÃO
Instituição que transcreveu o registro Magnum
100 ## - ENTRADA PRINCIPAL--NOME PESSOAL
Nome pessoal Aquino, Eduardo
240 10 - TÍTULO UNIFORME
Título uniforme Tião vermelhão
Idioma da obra por
245 10 - TÍTULO
Título Tião vermelhão
300 ## - DESCRIÇÃO FÍSICA
Extensão 72
362 0# - DATAS DE PUBLICAÇÃO E/OU DESIGNAÇÃO SEQUENCIAL
Datas de publicação e/ou designação sequencial 2000
697 ## - ENTRADA DE ASSUNTO LOCAL--ENTIDADE COLETIVA (RLIN)
Nome corporativo ou nome da jurisdição LITERATURA INFANTO-JUVENIL
942 ## - ELEMENTOS DE ENTRADA ADICIONADOS (KOHA)
Tipo de material Koha Livros
Holdings
Situação do descarte Situação das perdas Situação física Não pode ser emprestado Biblioteca de origem Biblioteca atual Data de aquisição Total de empréstimos Número de chamada completo Código de barras Data de último acesso Data do preço efetivo Tipo de material Koha
        Magnum Magnum 08/06/2024   869.3.541 MAG00043757 08/06/2024 08/06/2024 Livros
        Magnum Magnum 08/06/2024   869.3.541 MAG00043758 08/06/2024 08/06/2024 Livros
        Magnum Magnum 08/06/2024   869.3.541 MAG00043759 08/06/2024 08/06/2024 Livros